000 00925nas a2200313 4500
001 BR0804416
003 BR-BrBNA
005 20231205111808.0
007 ta
008 230509b bl.|||p| |||| 00| 00por d
040 _aBR-BrBNA
_bpor
_cBiblioteca Nacional de Agricultura
041 _a(Pt)
072 _aF02; F63
100 1 _aMagalhães, J.S.
100 1 _aSantos, M. do D.M. dos
100 1 _aCunha Filho, F.N. da
100 1 _aBlumer, L.
100 1 _aGuerra, M.P.
100 1 _aTorres, A.C.
245 1 _aIndução de embriogênese somática em genótipos de batata-doce
650 _aPROPAGAÇÃO VEGETATIVA
650 _aEMBRIÃO VEGETAL
650 _aBATATA DOCE
650 _aGENÓTIPO
650 _aEMBRIOGENESE
773 0 _tHorticultura Brasileira (Brazil)
_xISSN 0102-0536
_g(Jan-Mar 2006), v. 24(1) p. 79-83
_wBR0804416
909 _a202311
_bLúcia
_c55
_dLúcia Elande
942 _2AGRIS
_n0
_cANA
999 _c194516
_d194516